[Event "CRO Cup"]
[Site "Mali Losinj"]
[Date "2016.05.08"]
[Round "6.114"]
[White "Jozic, Zoran"]
[Black "Jurman, Pjerino"]
[Result "0-1"]
[WhiteElo "1952"]
[BlackElo "1980"]
[PlyCount "84"]
[EventDate "2016.05.04"]
[EventType "team-swiss"]
[EventRounds "6"]
[EventCountry "CRO"]
[SourceTitle "CBM 172 Extra"]
[Source "ChessBase"]
[SourceDate "2016.06.21"]
[SourceVersion "1"]
[SourceVersionDate "2016.06.21"]
[SourceQuality "1"]
[WhiteTeam "Pacetin Sloga"]
[BlackTeam "Rovinj Batana"]
[WhiteTeamCountry "CRO"]
[BlackTeamCountry "CRO"]

1. d4 e6 2. c4 Nf6 3. Nc3 c5 4. Nf3 b6 5. Bg5 h6 6. Bh4 Bb7 7. d5 d6 8. e4 e5 9. Bd3 Nbd7 10. h3 Be7 11. 0-0 g5 12. Bg3 Nh5 13. Nh2 Nf4 14. Bc2 Nf6 15. Ba4+ Kf8 16. Bxf4 gxf4 17. Rb1 Bc8 18. Kh1 h5 19. b4 cxb4 20. Rxb4 Rh6 21. Rb2 Nh7 22. Qd3 Kg7 23. Bd1 Qf8 24. Ne2 f5 25. exf5 Bxf5 26. Qc3 Bf6 27. Nf3 Kh8 28. Bc2 e4 29. Nfd4 f3 30. gxf3 Bxh3 31. Rg1 exf3 32. Nf4 Bg2+ 33. Nxg2 fxg2+ 34. Rxg2 Be5 35. Bxh7 Rxh7 36. Qd3 Qf4 37. Rd2 Rg7 38. Nf5 Rxg2 39. Kxg2 Rf8 40. Ng3 h4 41. Ne4 Qg4+ 42. Kh1 Rf3 0-1

[Event "CRO Cup"]
[Site "Mali Losinj"]
[Date "2016.05.07"]
[Round "5.134"]
[White "Krklec, Josip"]
[Black "Jozic, Zoran"]
[Result "0-1"]
[WhiteElo "1598"]
[BlackElo "1952"]
[PlyCount "76"]
[EventDate "2016.05.04"]
[EventType "team-swiss"]
[EventRounds "6"]
[EventCountry "CRO"]
[SourceTitle "CBM 172 Extra"]
[Source "ChessBase"]
[SourceDate "2016.06.21"]
[SourceVersion "1"]
[SourceVersionDate "2016.06.21"]
[SourceQuality "1"]
[WhiteTeam "Hum na Sutli Straza"]
[BlackTeam "Pacetin Sloga"]
[WhiteTeamCountry "CRO"]
[BlackTeamCountry "CRO"]

1. e4 c5 2. Nf3 d6 3. Nc3 Nc6 4. Bb5 a6 5. Bxc6+ bxc6 6. d4 cxd4 7. Nxd4 Qc7 8. Bf4 e5 9. Nde2 exf4 10. Nxf4 Nf6 11. 0-0 Be7 12. h3 0-0 13. Qf3 Rb8 14. b3 h6 15. Rfe1 Nh7 16. Qg3 Bf6 17. Nh5 Be5 18. f4 Bd4+ 19. Kh1 g6 20. f5 Be5 21. Nf4 g5 22. Rf1 Kh8 23. Rad1 gxf4 24. Qf3 Ng5 25. Qd3 Bb7 26. h4 Nh7 27. Ne2 Qe7 28. Qh3 Nf6 29. Nxf4 Nxe4 30. Qe3 Qxh4+ 31. Kg1 c5 32. Nh3 Nc3 33. Rd2 Bd4 34. Rxd4 Qxd4 35. Qxd4+ cxd4 36. a4 Rg8 37. Nf4 Rg4 38. Rf2 Rxf4 0-1

[Event "CRO-chT2 East"]
[Site "Osijek"]
[Date "2013.04.20"]
[Round "1.55"]
[White "Kovacevic, Ivan"]
[Black "Jozic, Zoran"]
[Result "1/2-1/2"]
[WhiteElo "1854"]
[BlackElo "2008"]
[PlyCount "111"]
[EventDate "2013.04.20"]
[EventType "team-tourn"]
[EventRounds "11"]
[EventCountry "CRO"]
[SourceTitle "EXT 2023"]
[Source "ChessBase"]
[SourceDate "2022.10.05"]
[SourceVersion "1"]
[SourceVersionDate "2022.10.05"]
[SourceQuality "1"]

1. d4 Nf6 2. c4 e6 3. Nf3 d5 4. e3 Be7 5. Nc3 0-0 6. Bd3 c6 7. 0-0 Nbd7 8. cxd5 exd5 9. Re1 Re8 10. h3 Bd6 11. e4 dxe4 12. Nxe4 Nxe4 13. Bxe4 h6 14. Bd2 Nf6 15. Bd3 Be6 16. b4 a6 17. a3 Qc7 18. Rc1 Bd5 19. Rxe8+ Rxe8 20. Bc4 Qe7 21. Qb3 Qd7 22. a4 Re2 23. Bxd5 Nxd5 24. Qd3 Re8 25. Qc4 Bf4 26. Bxf4 Nxf4 27. Ne5 Qd5 28. Qxd5 Nxd5 29. b5 cxb5 30. axb5 a5 31. Rc4 Ra8 32. Rc5 a4 33. Nc4 Rd8 34. Na3 Kf8 35. Rc4 Nb6 36. Rc7 Rd7 37. Rxd7 Nxd7 38. Kf1 Ke7 39. Ke2 Kd6 40. Kd3 Kd5 41. Nc2 Nb6 42. Ne3+ Ke6 43. Kc3 f5 44. Kb4 f4 45. Nc2 Kd5 46. Ka5 Nd7 47. Kxa4 Kc4 48. Ka5 g5 49. d5 Kxd5 50. Kb4 b6 51. f3 Ne5 52. Na3 Kd4 53. Nc2+ Kd3 54. Na3 h5 55. Nb1 Nc4 56. Nc3 1/2-1/2

[Event "CRO-chT2 Ost"]
[Site "Osijek"]
[Date "2012.05.05"]
[Round "4.32"]
[White "Jozic, Zoran"]
[Black "Grandic, Zvjezdan"]
[Result "0-1"]
[WhiteElo "2024"]
[BlackElo "2164"]
[PlyCount "62"]
[EventDate "2012.04.21"]
[EventType "team-tourn"]
[EventRounds "11"]
[EventCountry "CRO"]
[SourceTitle "EXT 2014"]
[Source "ChessBase"]
[SourceDate "2013.11.20"]
[SourceVersion "1"]
[SourceVersionDate "2013.11.20"]
[SourceQuality "1"]

1. d4 Nf6 2. c4 e6 3. Nf3 c5 4. e3 d5 5. Nc3 Nc6 6. cxd5 exd5 7. Bb5 cxd4 8. Nxd4 Bd7 9. 0-0 Bd6 10. Nf3 a6 11. Be2 Be6 12. b3 Ne5 13. Bb2 0-0 14. Rc1 Qe7 15. Qd4 Nfg4 16. g3 Nxf3+ 17. Bxf3 Be5 18. Qd2 Rfd8 19. Na4 Qf6 20. Bg2 b5 21. Bxe5 Nxe5 22. Nc5 Bh3 23. Qe2 Bf5 24. Rfd1 Bg4 25. Qd2 Bxd1 26. Qxd1 Rac8 27. b4 d4 28. Ne4 Qb6 29. exd4 Rxc1 30. Qxc1 Qxd4 31. Qg5 Qd1+ 0-1

[Event "Vojvodina-ch 2nd"]
[Site "Novi Sad"]
[Date "2011.07.25"]
[Round "3"]
[White "Pantelic, Sasa"]
[Black "Jozic, Zoran"]
[Result "1-0"]
[WhiteElo "2364"]
[BlackElo "2030"]
[PlyCount "55"]
[EventDate "2011.07.24"]
[EventType "swiss"]
[EventRounds "9"]
[EventCountry "SRB"]
[SourceTitle "CBM 143 Extra"]
[Source "ChessBase"]
[SourceDate "2011.08.29"]
[SourceVersion "1"]
[SourceVersionDate "2011.08.29"]
[SourceQuality "1"]

1. d4 Nf6 2. c4 g6 3. g3 Bg7 4. Bg2 d6 5. Nc3 Nbd7 6. Nf3 0-0 7. 0-0 Re8 8. Bf4 Nh5 9. Bg5 h6 10. Be3 c6 11. Qd2 Kh7 12. d5 Qc7 13. Rac1 c5 14. g4 Nhf6 15. h3 Nf8 16. Bf4 a6 17. e4 N6d7 18. Bg3 f6 19. Nh4 Ne5 20. b3 Bd7 21. f4 Nf7 22. e5 fxe5 23. fxe5 Nxe5 24. Be4 Qc8 25. Bxe5 Bxe5 26. Nxg6 Bd4+ 27. Kh1 Kg7 28. Nf4 1-0

[Event "CRO-chT2 East"]
[Site "Croatia"]
[Date "2011.04.02"]
[Round "1"]
[White "Lalic, Kristijan"]
[Black "Jozic, Zoran"]
[Result "1-0"]
[WhiteElo "2289"]
[BlackElo "2029"]
[PlyCount "73"]
[EventDate "2011.04.02"]
[EventType "tourn"]
[EventRounds "11"]
[EventCountry "CRO"]
[SourceTitle "EXT 2014"]
[Source "ChessBase"]
[SourceDate "2013.11.20"]
[SourceVersion "1"]
[SourceVersionDate "2013.11.20"]
[SourceQuality "1"]

1. Nc3 Nf6 2. d4 d5 3. Bg5 e6 4. e4 Be7 5. e5 Nfd7 6. Bxe7 Qxe7 7. f4 a6 8. Nf3 c5 9. Qd2 Nc6 10. 0-0-0 b5 11. dxc5 Qxc5 12. Bd3 Bb7 13. Kb1 h6 14. h4 0-0-0 15. Ne2 Kb8 16. c3 Rc8 17. Ned4 Qe7 18. Rhe1 Rc7 19. g3 Nxd4 20. cxd4 Nb6 21. b3 Rhc8 22. Rc1 Qa3 23. Rxc7 Rxc7 24. Qb2 Nc4 25. Qxa3 Nxa3+ 26. Kb2 b4 27. Rc1 Rxc1 28. Kxc1 Kc7 29. f5 Kb6 30. f6 gxf6 31. exf6 Bc6 32. Ne5 Be8 33. Kd2 Nb5 34. Bxb5 Kxb5 35. g4 a5 36. g5 hxg5 37. h5 1-0

[Event "CRO-Cup 19th"]
[Site "Sibenik"]
[Date "2010.05.22"]
[Round "5"]
[White "Jozic, Zoran"]
[Black "Katavic, Borivoj"]
[Result "1-0"]
[WhiteElo "1968"]
[BlackElo "2234"]
[PlyCount "151"]
[EventDate "2010.05.19"]
[EventType "team-tourn"]
[EventRounds "6"]
[EventCountry "CRO"]
[SourceTitle "CBM 136 Extra"]
[Source "ChessBase"]
[SourceDate "2010.07.02"]
[SourceVersion "2"]
[SourceVersionDate "2010.07.15"]
[SourceQuality "1"]

1. d4 Nf6 2. c4 g6 3. Nc3 c5 4. d5 e6 5. e4 d6 6. Bd3 Bg7 7. Nge2 0-0 8. 0-0 Nbd7 9. b3 b5 10. Bb2 b4 11. Nb1 Ne5 12. Bc2 Nfg4 13. Nd2 Nxh2 14. Kxh2 Ng4+ 15. Kg1 Bxb2 16. Rb1 Bg7 17. Nf3 e5 18. Ng3 h5 19. Re1 h4 20. Nf1 Bh6 21. N1h2 Bf4 22. Nxg4 Bxg4 23. Qd3 Kg7 24. Bd1 f5 25. Nd2 Qg5 26. Rb2 Qh5 27. f3 h3 28. fxg4 Qh4 29. Nf3 Qxg4 30. Nh2 Qh4 31. Nf3 Qg3 32. Qc2 Rh8 33. Qf2 h2+ 34. Kh1 Qxf2 35. Rxf2 Bg3 36. Ree2 Bxf2 37. Rxf2 Kf6 38. Bc2 Raf8 39. Re2 f4 40. Rd2 g5 41. Nxh2 g4 42. Kg1 Kg5 43. Bd1 f3 44. gxf3 gxf3 45. Bxf3 Kf4 46. Bg2 Ke3 47. Rb2 Rhg8 48. Nf1+ Kd3 49. Rd2+ Kc3 50. Re2 Rf4 51. Re1 a5 52. Re2 a4 53. Re1 axb3 54. Re3+ Kxc4 55. axb3+ Kd4 56. Rh3 Rfg4 57. Ne3 Rxg2+ 58. Nxg2 Kxe4 59. Kf2 Kxd5 60. Ne3+ Kc6 61. Nc4 Rg6 62. Ke2 Re6 63. Na5+ Kb5 64. Nc4 d5 65. Nd2 c4 66. Rh8 c3 67. Nf3 Kc5 68. Rc8+ Kd6 69. Rd8+ Kc5 70. Rc8+ Kd6 71. Rd8+ Kc6 72. Rc8+ Kb6 73. Rb8+ Kc7 74. Rxb4 Rc6 75. Kd1 Kd6 76. Kc2 1-0

[Event "CRO-Cup 19th"]
[Site "Sibenik"]
[Date "2010.05.21"]
[Round "4"]
[White "Armanda, Ivica"]
[Black "Jozic, Zoran"]
[Result "1-0"]
[WhiteElo "2356"]
[BlackElo "1968"]
[PlyCount "39"]
[EventDate "2010.05.19"]
[EventType "team-tourn"]
[EventRounds "6"]
[EventCountry "CRO"]
[SourceTitle "CBM 136 Extra"]
[Source "ChessBase"]
[SourceDate "2010.07.02"]
[SourceVersion "2"]
[SourceVersionDate "2010.07.15"]
[SourceQuality "1"]

1. e4 e6 2. Nf3 d5 3. Nc3 Nf6 4. e5 Nfd7 5. d4 c5 6. dxc5 Bxc5 7. Bd3 a6 8. 0-0 Nc6 9. Bf4 Nf8 10. h4 Ng6 11. Bg3 Qc7 12. Re1 Nge7 13. a3 b5 14. Ng5 g6 15. Qf3 Nf5 16. Nxd5 Qb7 17. Nf6+ Ke7 18. c3 Bd7 19. Bxf5 exf5 20. Qd5 1-0

[Event "CRO-chT2 East"]
[Site "Osijek"]
[Date "2010.04.17"]
[Round "1.22"]
[White "Rubil, Marko"]
[Black "Jozic, Zoran"]
[Result "1-0"]
[WhiteElo "2195"]
[BlackElo "1968"]
[PlyCount "71"]
[EventDate "2010.04.17"]
[EventType "team-tourn"]
[EventRounds "11"]
[EventCountry "CRO"]
[SourceTitle "EXT 2012"]
[Source "ChessBase"]
[SourceDate "2011.11.24"]
[SourceVersion "1"]
[SourceVersionDate "2011.11.24"]
[SourceQuality "1"]

1. e4 c5 2. Nf3 d6 3. d4 cxd4 4. Nxd4 Nf6 5. Nc3 g6 6. Be3 Bg7 7. f3 0-0 8. Qd2 Nc6 9. Bc4 a6 10. 0-0-0 Na5 11. Be2 b5 12. Bh6 Bb7 13. h4 Rc8 14. Bxg7 Kxg7 15. h5 Rh8 16. h6+ Kf8 17. e5 Nh5 18. Qg5 Rg8 19. Kb1 d5 20. Bd3 e6 21. Qxd8+ Rxd8 22. Nce2 Nc4 23. Bxc4 bxc4 24. g4 Ng7 25. hxg7+ Kxg7 26. g5 Rh8 27. Rh6 Rc8 28. Nc3 Rc5 29. Rdh1 Bc8 30. Nd1 a5 31. c3 a4 32. Ne3 Bd7 33. Ng4 Kf8 34. Nf6 Ke7 35. Rxh7 Rb8 36. Rxf7+ 1-0